header

Anorexia nervosa (Record no. 62339)

MARC details
000 -LEADER
fixed length control field 02335nam a2200361 a 4500
082 04 - DEWEY DECIMAL CLASSIFICATION NUMBER
Classification number 616.85/262
245 00 - TITLE STATEMENT
Title Anorexia nervosa
260 ## - PUBLICATION, DISTRIBUTION, ETC. (IMPRINT)
Place of publication Hauppauge, N.Y. :
Name of publisher Nova Science Publishers,
Year of publication c2010.
300 ## - PHYSICAL DESCRIPTION
Number of Pages x, 253 p. :
Other physical details ill.
490 1# - SERIES STATEMENT
Series statement Eating disorders in the 21st century series
505 0# - FORMATTED CONTENTS NOTE
Formatted contents note Endocrine alterations in anorexia nervosa / A. Mancini ... [et al.] -- Anorexia nervosa and cytokines / A. Mancini ... [et al.] -- Amenorrhea in anorexia nervosa / E. Giacchi ... [et al.] -- Anorexia nervosa : medical complications / A. Bianchi ... [et al.] -- Nutrition in anorexia nervosa / P. Meniconi ... [et al.] -- Infantile anorexia / S. Daini, L. Petrongolo, L. Bernardini -- Anorexia and parents / S. Daini, C. Panetta -- Treating anorexia in state of emergency / S. Daini, L. Bernardini, L. Petrongolo -- The logotherapeutic approach : an anthoplogically-founded method / A. Mancini, R. Festa -- Anorexia nervosa : ethical issues / M.L. Di Pietro, A. Virdis, D. Moltisanti -- Somatic semantics : anorexia and the nature of meaning / L. Caruana -- Anorexia nervosa : a case of self-deception? / M. Sultana -- Nietzsche's ascetic ideal and the anorexic condition / T. Walsh.
650 #0 - SUBJECT ADDED ENTRY--TOPICAL TERM
Topical Term Anorexia nervosa.
700 1# - ADDED ENTRY--PERSONAL NAME
Personal name Mancini, Antonio.
Personal name Daini, Silvia.
Personal name Caruana, Louis.
856 40 - ELECTRONIC LOCATION AND ACCESS
Uniform Resource Identifier http://site.ebrary.com/lib/rucke/Doc?id=10671182

No items available.

© 2026 Rongo University
Contact us: librarian | system librarian | Rongo university